03006nam a2200349 4500001001300000003000400013005001700017006001900034008004100053020000500094040001800099050001100117050001100128050001000139245002500149264002600174264004900200300002200249490002700271505172000298520020802018542004102226546001602267588004002283650002602323650002402349650002302373710003902396856007402435999001702509952013002526OTLid0000004MnU20201105133249.0m o d s 180907s2016 mnu o 0 0 eng d a aMnUbengcMnU 4aHF5625 4aHF5001 4aHG17300aFinancial Accounting 2bOpen Textbook Library 1bUniversity of Minnesota Libraries Publishing a1 online resource0 aOpen textbook library.0 aChapter 1: Why Is Financial Accounting Important? -- Chapter 2: What Should Decision Makers Know So That Good Decisions Can Be Made about an Organization? -- Chapter 3: In What Form Is Financial Information Actually Delivered to Decision Makers Such as Investors and Creditors? -- Chapter 4: How Does an Organization Accumulate and Organize the Information Necessary to Prepare Financial Statements? -- Chapter 5: Why Must Financial Information Be Adjusted Prior to the Production of Financial Statements? -- Chapter 6: Why Should Decision Makers Trust Financial Statements? -- Chapter 7: In a Set of Financial Statements, What Information Is Conveyed about Receivables? -- Chapter 8: How Does a Company Gather Information about Its Inventory? -- Chapter 9: Why Does a Company Need a Cost Flow Assumption in Reporting Inventory? -- Chapter 10: In a Set of Financial Statements, What Information Is Conveyed about Property and Equipment? -- Chapter 11: In a Set of Financial Statements, What Information Is Conveyed about Intangible Assets? -- Chapter 12: In a Set of Financial Statements, What Information Is Conveyed about Equity Investments? -- Chapter 13: In a Set of Financial Statements, What Information Is Conveyed about Current and Contingent Liabilities? -- Chapter 14: In a Set of Financial Statements, What Information Is Conveyed about Noncurrent Liabilities Such as Bonds? -- Chapter 15: In a Set of Financial Statements, What Information Is Conveyed about Other Noncurrent Liabilities? -- Chapter 16: In a Set of Financial Statements, What Information Is Conveyed about Shareholders' Equity? -- Chapter 17: In a Set of Financial Statements, What Information Is Conveyed by the Statement of Cash Flows?0 aThis book is intended for an undergraduate or MBA level Financial Accounting course. It covers the standard topics in a standard sequence, utilizing the Socratic method of asking and answering questions.1 fAttribution-NonCommercial-ShareAlike aIn English.0 aDescription based on print resource 0aAccountingvTextbooks 0aBusinessvTextbooks 0aFinancevTextbooks2 aOpen Textbook Libraryedistributor40uhttps://open.umn.edu/opentextbooks/textbooks/4zAccess online version c19454d19454 00102lcc4070aDLcOAd2020-11-05l0oHF5625r2020-11-05uhttps://open.umn.edu/opentextbooks/textbooks/4w2020-11-05yEBOOK